Govt. of
Madhya Pradesh

Bank Clerical English (Record no. 31395)

MARC details
000 -LEADER
fixed length control field 004350000a22001810004500
003 - CONTROL NUMBER IDENTIFIER
control field MACL
005 - DATE AND TIME OF LATEST TRANSACTION
control field 20160124154802.0
008 - FIXED-LENGTH DATA ELEMENTS--GENERAL INFORMATION
fixed length control field 160124b xxu||||| |||| 00| 0 eng d
040 ## - CATALOGING SOURCE
Original cataloging agency MACL
Transcribing agency MACL
041 ## - LANGUAGE CODE
Language code of text/sound track or separate title English
082 ## - DEWEY DECIMAL CLASSIFICATION NUMBER
Classification number 420/KIR
100 ## - MAIN ENTRY--PERSONAL NAME
Personal name Kiran Publication
9 (RLIN) 34569
245 ## - TITLE STATEMENT
Title Bank Clerical English
260 ## - PUBLICATION, DISTRIBUTION, ETC. (IMPRINT)
Name of publisher, distributor, etc. Kiran Prakashan
Place of publication, distribution, etc. NeW Delhi
350 ## - PRICE (NR) (BK AM CF MU VM SE) [OBSOLETE]
Price 200
650 ## - SUBJECT ADDED ENTRY--TOPICAL TERM
Topical term or geographic name as entry element English
9 (RLIN) 34570
942 ## - ADDED ENTRY ELEMENTS (KOHA)
Koha item type Books
Call number prefix 420/Kir
Source of classification or shelving scheme
Holdings
Withdrawn status Lost status Source of classification or shelving scheme Damaged status Not for loan Home library Current library Date acquired Cost, normal purchase price Total Checkouts Full call number Barcode Date last seen Uniform Resource Identifier Price effective from Koha item type
          MACL MACL 24/01/2016 200.00   420/KIR CLC001079 01/01/2016 31448 15/04/2015 Books